| 000 | 00741nam0a22002411 4500 | ||
|---|---|---|---|
| 001 | v19\rc\1387456 | ||
| 005 | 20260406170934.0 | ||
| 035 | _a(NLR Aleph) 004520880 | ||
| 090 |
_a4865235 _c4865235 |
||
| 100 | _a20060512f18701879|||y0rusy50 ca | ||
| 101 | 0 | _arus | |
| 102 | _aRU | ||
| 105 | _ay z ||||| | ||
| 200 | 1 |
_aСписок чинам Инженерного корпуса _e1870 г. |
|
| 210 |
_a[Санкт-Петербург _d187-?] |
||
| 215 |
_a[2], 22, 242 с. _d17 |
||
| 710 | 0 | 1 |
_aРоссия _bКорпус военных инженеров _3RU\NLR\AUTH\889938343 _9371514 |
| 801 | 0 |
_aRU _bNLR _gpsbo |
|
| 801 | 0 |
_aRU _bRuMoRGB _2psbo |
|
| 801 | 1 |
_aRU _bProSoft-M _2rusmarc |
|
| 852 |
_aNLR _j18.90.8.13 |
||
| 942 | _cBOOK | ||
| 980 | _aNB | ||